MAASAI MARA UNIVERSITY

LIBRARY CATALOGUE

Contact Us: +254 020 2685356/7 or 0774 057787

Box: 861-20500, NAROK, KENYA

Email: info@mmarau.ac.ke

African friends and money matters / (Record no. 31594)

MARC details
000 -LEADER
fixed length control field 00528nam a22001937a 4500
003 - CONTROL NUMBER IDENTIFIER
control field OSt
005 - DATE AND TIME OF LATEST TRANSACTION
control field 20190403104538.0
008 - FIXED-LENGTH DATA ELEMENTS--GENERAL INFORMATION
fixed length control field 190403b ||||| |||| 00| 0 eng d
020 ## - INTERNATIONAL STANDARD BOOK NUMBER
International Standard Book Number 9781594521195
040 ## - CATALOGING SOURCE
Original cataloging agency MMU
Language of cataloging eng
Transcribing agency MMU
Modifying agency MMU
050 ## - LIBRARY OF CONGRESS CALL NUMBER
Classification number HG1325 .M37 2001
100 ## - MAIN ENTRY--PERSONAL NAME
Personal name Maranz David E.
245 ## - TITLE STATEMENT
Title African friends and money matters /
Statement of responsibility, etc. David E. Maranz
260 ## - PUBLICATION, DISTRIBUTION, ETC. (IMPRINT)
Place of publication, distribution, etc. {S.L} :
Name of publisher, distributor, etc. Oasis International,
Date of publication, distribution, etc. 2001
300 ## - PHYSICAL DESCRIPTION
Extent 224 p.:
Other physical details ill.;
500 ## - GENERAL NOTE
General note Includes Index.
650 ## - SUBJECT ADDED ENTRY--TOPICAL TERM
Topical term or geographic name as entry element Money matters
942 ## - ADDED ENTRY ELEMENTS (KOHA)
Source of classification or shelving scheme Library of Congress Classification
Koha item type L

No items available.

© 2016 Maasai Mara University.